Programa de Jornada Extendida. Orientación para Jornada Extendida. Nivel Medio, Modalidad General. Gestión Educativa 2012-2016 (Record no. 8907)

MARC details
000 -LEADER
campo de control de longitud fija 00477nam a2200133Ia 4500
001 - NÚMERO DE CONTROL
campo de control 4455
008 - DATOS DE LONGITUD FIJA--INFORMACIÓN GENERAL
campo de control de longitud fija 241024s9999 xx 000 0 und d
082 ## - NÚMERO DE LA CLASIFICACIÓN DECIMAL DEWEY
Número de clasificación RD/371.07/R426p/2012-2016/4/2013
100 ## - ENTRADA PRINCIPAL--NOMBRE DE PERSONA
Nombre de persona República Dominicana. Ministerio de Educación
245 #0 - MENCIÓN DEL TÍTULO
Título Programa de Jornada Extendida. Orientación para Jornada Extendida. Nivel Medio, Modalidad General. Gestión Educativa 2012-2016
260 ## - PUBLICACIÓN, DISTRIBUCIÓN, ETC.
Nombre del editor, distribuidor, etc. Santo Domingo
Fecha de publicación, distribución, etc. 2013
901 ## - ELEMENTOS DE DATOS A LOCAL LDA (RLIN)
a 3/10/2016 4:18:30 p.m.

No items available.

© 2024. Todos los Derechos Reservados. Desarrollado por IDEICE